Imbasan peristiwa-peristiwa sebelum kemerdekaan Malaya

Bibliographic Details
Main Author: Mohamed Abid,Dato'
Other Authors: Shajaratuddur Sh.Abdul Halim, Syed Ali Tawfik al-Attas
Format: Book
Published: Selangor : Pelanduk Publications , 2004
Subjects:

MARC

LEADER 00000cam a2200000 7i4500
001 0000015136
005 20150409.0
008 080317
020 |a 9679788741 
082 1 |a HIS   |b MAL 
090 0 0 |a 959.5106   |b MOH 
100 0 |a Mohamed Abid,Dato' 
245 1 0 |a Imbasan peristiwa-peristiwa sebelum kemerdekaan Malaya   |c Mohamed Abid; penterjemah, Shajaratuddur Sh.Abdul Halim, Syed Ali Tawfik al-Attas 
260 |a Selangor :   |b Pelanduk Publications ,   |c 2004 
650 0 |a Malaya   |x History   |x 1946-1957 
650 0 |a Malaya   |x Politics and government   |x 1946-1957 
650 0 |a Onn Ja'afar,Dato',1895-1962 
700 0 |a Shajaratuddur Sh.Abdul Halim 
700 0 |a Syed Ali Tawfik al-Attas 
999 |a 0000353007   |b Book   |c REFERENCE   |e Cawangan Segamat 
999 |a 0000952836   |b Book   |c REFERENCE   |e Cawangan Bandar Tenggara 
999 |a 0000952917   |b Book   |c REFERENCE   |e Cawangan Tangkak 
999 |a 0000952921   |b Book   |c REFERENCE   |e Cawangan Bandar Tenggara 
999 |a 0000952922   |b Book   |c REFERENCE   |e Cawangan Tmn. Ungku Tun Aminah 
999 |a 0000952924   |b Book   |c REFERENCE   |e Cawangan Bukit Gambir 
999 |a 0000952925   |b Book   |c REFERENCE   |e Cawangan Segamat 
999 |a 0000952933   |b Book   |c REFERENCE   |e Cawangan Mersing 
999 |a 0000952934   |b Book   |c REFERENCE   |e Cawangan Mersing 
999 |a 0000952935   |b Book   |c REFERENCE   |e Cawangan Mersing 
999 |a 0000952937   |b Book   |c REFERENCE   |e Cawangan Bandar Tenggara 
999 |a 0000952938   |b Book   |c REFERENCE   |e Cawangan Bandar Tenggara 
999 |a 0000952988   |b Book   |c REFERENCE   |e Cawangan Tmn. Ungku Tun Aminah 
999 |a 0000952989   |b Book   |c REFERENCE   |e Cawangan Tmn. Ungku Tun Aminah 
999 |a 0000952990   |b Book   |c REFERENCE   |e Cawangan Tmn. Ungku Tun Aminah 
999 |a 0000953006   |b Book   |c REFERENCE   |e Cawangan Segamat 
999 |a 0000953008   |b Book   |c REFERENCE   |e Cawangan Segamat 
999 |a 0000953009   |b Book   |c REFERENCE   |e Cawangan Bukit Gambir 
999 |a 0000953010   |b Book   |c REFERENCE   |e Cawangan Bukit Gambir 
999 |a 0000953012   |b Book   |c REFERENCE   |e Cawangan Tangkak 
999 |a 0000953013   |b Book   |c REFERENCE   |e Cawangan Tangkak 
999 |a 0001016341   |b Book   |c REFERENCE   |e Perbadanan Perpustakaan Awam Johor 
999 |a 0001016344   |b Book   |c Adult Collection   |e Cawangan Urban Transformation Centre 
999 |a 0001016345   |b Book   |c REFERENCE   |e Perbadanan Perpustakaan Awam Johor 
999 |a 0001070951   |b Book   |c REFERENCE   |e Cawangan Tmn. Ungku Tun Aminah 
999 |a 0001073447   |b Book   |c REFERENCE   |e Perbadanan Perpustakaan Awam Johor 
999 |a 0001228610   |b Book   |c REFERENCE   |e Cawangan Urban Transformation Centre 
999 |a 0001279708   |b Book   |c Adult Collection   |e Cawangan Urban Transformation Centre